| 000 | 00622nam a22002057a 4500 | ||
|---|---|---|---|
| 003 | 0 | ||
| 005 | 20240816155455.0 | ||
| 008 | 240816b xxu||||| |||| 00| 0 eng d | ||
| 020 | _a978-1-032-32321-3 | ||
| 050 |
_aQA 76.9 _b.B34 2023 |
||
| 100 | _aBagui, Sikha Saha | ||
| 245 |
_aDatabase design using entity-relationship diagrams _cSikha Saha Bagui |
||
| 250 | _aThird edition | ||
| 260 |
_aOxon _bCRC Press _c2023 |
||
| 300 |
_axvii, 355 pages ; _c24cm. |
||
| 504 | _aIncludes bibliographical references, glossary and index. | ||
| 650 | _aDatabase design. | ||
| 650 | _aRelational databases. | ||
| 942 |
_2lcc _cBK |
||
| 999 |
_c366110 _d366110 |
||